000 00576nam a2200181Ia 4500
008 151018s9999 xx 000 0 und d
082 _bRBASDV32890
_a891.433
100 _aविजयदेव झारी
245 _aमुस्लिम परिवेश
250 _b1
260 _bझारीयन
_c1997
300 _a176
600 _aविजयदेव झारी
630 _aमुस्लिम परिवेश
700 _aविजयदेव झारी
730 _aमुस्लिम परिवेश
942 _cBOOK
999 _c1032410
_d1032407